[Event "Edmonton Northern Alberta op"]
[Site "Edmonton"]
[Date "2014.02.15"]
[Round "3.4"]
[White "Yam, Alex"]
[Black "Sequillion, Aaron"]
[Result "1-0"]
[WhiteElo "2369"]
[BlackElo "2188"]
[PlyCount "69"]
[EventDate "2014.02.15"]
[EventType "swiss"]
[EventRounds "5"]
[EventCountry "CAN"]
[SourceTitle "EXT 2022"]
[Source "ChessBase"]
[SourceDate "2021.10.06"]
[SourceVersion "1"]
[SourceVersionDate "2021.10.06"]
[SourceQuality "1"]

1. e4 c5 2. c3 d6 3. d4 Nf6 4. dxc5 Nc6 5. Nd2 dxc5 6. Ngf3 Bg4 7. Bb5 Qc7 8. Qa4 Bd7 9. 0-0 e6 10. Re1 Be7 11. e5 Nd5 12. Qg4 0-0-0 13. Bxc6 Bxc6 14. Ne4 Rdg8 15. Bg5 f5 16. exf6 gxf6 17. Qxe6+ Kb8 18. c4 Nf4 19. Bxf4 Qxf4 20. Re3 Rg7 21. Ng3 h5 22. Nf5 Rxg2+ 23. Kxg2 Qg4+ 24. Kf1 Bxf3 25. Nxe7 Qg2+ 26. Ke1 Qg1+ 27. Kd2 Qxa1 28. Rxf3 Qxb2+ 29. Ke1 Qb1+ 30. Ke2 Qxa2+ 31. Kf1 Qb1+ 32. Kg2 h4 33. h3 Rd8 34. Qxf6 Rd1 35. Qe5+ 1-0

[Event "Red Deer Battle of Alberta"]
[Site "Red Deer"]
[Date "2013.09.07"]
[Round "2.7"]
[White "Sequillion, Aaron"]
[Black "Ebrahim Shirazi, Behrooz"]
[Result "0-1"]
[WhiteElo "2000"]
[BlackElo "2084"]
[PlyCount "70"]
[EventDate "2013.09.07"]
[EventType "team-match"]
[EventRounds "2"]
[EventCountry "CAN"]
[SourceTitle "EXT 2022"]
[Source "ChessBase"]
[SourceDate "2021.10.06"]
[SourceVersion "1"]
[SourceVersionDate "2021.10.06"]
[SourceQuality "1"]

1. e4 e6 2. b3 c5 3. Nf3 Nc6 4. Bb2 d6 5. c4 Nf6 6. Nc3 Nd4 7. d3 Be7 8. g3 0-0 9. Bg2 a6 10. 0-0 Rb8 11. Nxd4 cxd4 12. Ne2 e5 13. h3 Ne8 14. f4 f5 15. exf5 Bxf5 16. g4 Bd7 17. Bd5+ Kh8 18. fxe5 dxe5 19. Rxf8+ Bxf8 20. Ng3 Qh4 21. Kg2 Nf6 22. Qe1 Nxd5 23. cxd5 Qe7 24. Qe4 Rc8 25. Rc1 Rxc1 26. Bxc1 Kg8 27. Nf5 Qf6 28. Bd2 g6 29. Nh6+ Bxh6 30. Bxh6 g5 31. Kg3 Qxh6 32. Qxe5 Qg6 33. Qxd4 Qd6+ 34. Kf3 Bc6 35. Ke4 Qf4# 0-1

[Event "Calgary March of Kings"]
[Site "Calgary"]
[Date "2013.03.09"]
[Round "1"]
[White "Sequillion, Aaron"]
[Black "Bulga, Tamir"]
[Result "1-0"]
[WhiteElo "2124"]
[BlackElo "1284"]
[PlyCount "49"]
[EventDate "2013.03.09"]
[EventType "swiss"]
[EventRounds "5"]
[EventCountry "CAN"]
[SourceTitle "EXT 2022"]
[Source "ChessBase"]
[SourceDate "2021.10.06"]
[SourceVersion "1"]
[SourceVersionDate "2021.10.06"]
[SourceQuality "1"]

1. e4 c5 2. Nf3 Nc6 3. d4 cxd4 4. Nxd4 d6 5. Nc3 Nf6 6. Be2 g6 7. h4 h5 8. Be3 Bg7 9. Qd2 0-0 10. 0-0-0 Bd7 11. f3 a6 12. g4 Qc7 13. gxh5 Nxh5 14. f4 Ng3 15. Rhg1 Nxe2+ 16. Qxe2 e6 17. h5 Ne7 18. f5 exf5 19. hxg6 fxg6 20. Bg5 Rae8 21. Bxe7 Rxe7 22. Nd5 Qd8 23. Nxe7+ Qxe7 24. Rxg6 fxe4 25. Rdg1 1-0

[Event "Edmonton Fall Sectional B"]
[Site "Edmonton"]
[Date "2012.10.28"]
[Round "4"]
[White "Newton, Geoff"]
[Black "Sequillion, Aaron"]
[Result "0-1"]
[WhiteElo "2012"]
[BlackElo "2038"]
[PlyCount "46"]
[EventDate "2012.10.26"]
[EventType "tourn"]
[EventRounds "5"]
[EventCountry "CAN"]
[SourceTitle "EXT 2022"]
[Source "ChessBase"]
[SourceDate "2021.10.06"]
[SourceVersion "1"]
[SourceVersionDate "2021.10.06"]
[SourceQuality "1"]

1. d4 b5 2. e4 a6 3. Nf3 Bb7 4. Bd3 g6 5. Be3 Bg7 6. Nbd2 d6 7. 0-0 Nd7 8. c3 e5 9. a4 c6 10. Ne1 Ne7 11. f4 0-0 12. Nef3 Bh6 13. Ng5 Nb6 14. a5 Na4 15. b4 Nxc3 16. Qg4 f6 17. Nh3 Bc8 18. Qh4 Kg7 19. g4 exf4 20. Nxf4 Bxf4 21. Bxf4 g5 22. Bxg5 fxg5 23. Qxg5+ Ng6 0-1

[Event "Calgary op"]
[Site "Calgary"]
[Date "2012.05.19"]
[Round "7.6"]
[White "Kaufman, Larry C"]
[Black "Sequillion, Aaron"]
[Result "1-0"]
[WhiteElo "2380"]
[BlackElo "2012"]
[PlyCount "63"]
[EventDate "2012.05.15"]
[EventType "swiss"]
[EventRounds "9"]
[EventCountry "CAN"]
[SourceTitle "CBM 148 Extra"]
[Source "ChessBase"]
[SourceDate "2012.06.22"]
[SourceVersion "1"]
[SourceVersionDate "2012.06.22"]
[SourceQuality "1"]

1. d4 Nf6 2. c4 g6 3. Nc3 Bg7 4. e4 d6 5. Nf3 0-0 6. Be2 e5 7. 0-0 Nc6 8. Be3 Ng4 9. Bg5 f6 10. Bc1 exd4 11. Nxd4 Nxd4 12. Qxd4 f5 13. Qd5+ Kh8 14. exf5 Rxf5 15. Qd1 Ne5 16. c5 Nf7 17. cxd6 Nxd6 18. Be3 Be6 19. Bg4 Re5 20. Bd4 Bxg4 21. Qxg4 Qg5 22. Qxg5 Rxg5 23. Rad1 Re8 24. Bxa7 Nb5 25. Be3 Nxc3 26. bxc3 Ra5 27. Rd7 Be5 28. Re1 Kg8 29. Bf4 Rxa2 30. Rd5 Bxc3 31. Rxe8+ Kf7 32. Red8 1-0

[Event "Calgary op"]
[Site "Calgary"]
[Date "2012.05.16"]
[Round "2.8"]
[White "Sequillion, Aaron"]
[Black "Nguyen, Kim"]
[Result "1/2-1/2"]
[WhiteElo "2012"]
[BlackElo "2110"]
[PlyCount "139"]
[EventDate "2012.05.15"]
[EventType "swiss"]
[EventRounds "9"]
[EventCountry "CAN"]
[SourceTitle "CBM 148 Extra"]
[Source "ChessBase"]
[SourceDate "2012.06.22"]
[SourceVersion "1"]
[SourceVersionDate "2012.06.22"]
[SourceQuality "1"]

1. e4 c5 2. Nf3 d6 3. d4 cxd4 4. Nxd4 Nf6 5. Nc3 a6 6. Be3 Ng4 7. Bg5 h6 8. Bh4 g5 9. Bg3 Bg7 10. h3 Ne5 11. Nf5 Bxf5 12. exf5 Nbc6 13. Nd5 e6 14. fxe6 fxe6 15. Ne3 0-0 16. c3 Qb6 17. Qb3 Qxb3 18. axb3 d5 19. Rd1 b5 20. Be2 Na5 21. b4 Nac4 22. Nxc4 bxc4 23. 0-0 a5 24. bxa5 Rxa5 25. Bxe5 Bxe5 26. Bg4 Kf7 27. Rfe1 Kf6 28. Re2 h5 29. Bxe6 Kxe6 30. Rde1 Rf5 31. g4 hxg4 32. hxg4 Rf4 33. Rxe5+ Kf6 34. Re6+ Kf7 35. Re7+ Kf8 36. Re8+ Kf7 37. R1e7+ Kf6 38. Re6+ Kf7 39. R8e7+ Kf8 40. Rb7 Rxg4+ 41. Kf1 Rf4 42. Rg6 Ra1+ 43. Ke2 Rc1 44. Rxg5 Rc2+ 45. Kd1 Rfxf2 46. Rxd5 Ke8 47. Rh5 Rfd2+ 48. Ke1 Re2+ 49. Kf1 Rh2 50. Rxh2 Rxh2 51. Ke1 Kd8 52. Kd1 Rh5 53. Kd2 Rd5+ 54. Ke3 Rd3+ 55. Ke4 Rd2 56. Ke5 Kc8 57. Rb5 Kc7 58. Rb4 Kd7 59. Rxc4 Rxb2 60. Kd5 Rh2 61. Rc5 Rd2+ 62. Ke5 Re2+ 63. Kd5 Rd2+ 64. Kc4 Kd6 65. Rc8 Rh2 66. Kb5 Rb2+ 67. Kc4 Rh2 68. Rd8+ Kc6 69. Rd4 Ra2 70. Kb4 1/2-1/2

[Event "Calgary op"]
[Site "Calgary"]
[Date "2012.05.15"]
[Round "1.5"]
[White "Hansen, Eric"]
[Black "Sequillion, Aaron"]
[Result "1-0"]
[WhiteElo "2454"]
[BlackElo "2012"]
[PlyCount "29"]
[EventDate "2012.05.15"]
[EventType "swiss"]
[EventRounds "9"]
[EventCountry "CAN"]
[SourceTitle "CBM 148 Extra"]
[Source "ChessBase"]
[SourceDate "2012.06.22"]
[SourceVersion "1"]
[SourceVersionDate "2012.06.22"]
[SourceQuality "1"]

1. Nf3 Nf6 2. c4 g6 3. Nc3 Bg7 4. e4 d6 5. d4 0-0 6. h3 e5 7. d5 a5 8. Be2 Na6 9. Bg5 h6 10. Be3 Nh5 11. g3 Qe8 12. Nh2 Nf6 13. Ng4 Kh7 14. Bxh6 Nxe4 15. Nxe4 1-0

[Event "Calgary Schleinich Memorial"]
[Site "Calgary"]
[Date "2012.01.20"]
[Round "1"]
[White "Zeggelaar, Mike"]
[Black "Sequillion, Aaron"]
[Result "1-0"]
[WhiteElo "1971"]
[BlackElo "2037"]
[PlyCount "67"]
[EventDate "2012.01.20"]
[EventType "swiss"]
[EventRounds "5"]
[EventCountry "CAN"]
[SourceTitle "EXT 2022"]
[Source "ChessBase"]
[SourceDate "2021.10.06"]
[SourceVersion "1"]
[SourceVersionDate "2021.10.06"]
[SourceQuality "1"]

1. e4 c6 2. d4 d5 3. Nc3 dxe4 4. Nxe4 Bf5 5. Ng3 Bg6 6. h4 h6 7. h5 Bh7 8. Nf3 Nd7 9. Bd3 Bxd3 10. Qxd3 Ngf6 11. Bd2 e6 12. 0-0-0 Qc7 13. Ne4 0-0-0 14. Nxf6 Nxf6 15. Qb3 Bd6 16. Qa4 Kb8 17. g3 Rhe8 18. c4 Qe7 19. Ba5 Bc7 20. Bb4 Bd6 21. Ba5 Rc8 22. Rhe1 Nxh5 23. Rd3 c5 24. dxc5 Rxc5 25. Rxd6 b5 26. Qd1 Rxc4+ 27. Kb1 Rec8 28. Rd8 Qc5 29. Ne5 Qxf2 30. Nxc4 bxc4 31. Qd6+ Kb7 32. Qd7+ Ka6 33. Qxc8+ Kxa5 34. Re5+ 1-0

[Event "Edmonton-ch"]
[Site "Edmonton"]
[Date "2012.01.05"]
[Round "1.1"]
[White "Sequillion, Aaron"]
[Black "Pedersen, Rick"]
[Result "1-0"]
[WhiteElo "1998"]
[BlackElo "1920"]
[PlyCount "45"]
[EventDate "2012.01.05"]
[EventType "k.o."]
[EventRounds "4"]
[EventCountry "CAN"]
[SourceTitle "EXT 2019"]
[Source "ChessBase"]
[SourceDate "2018.10.10"]
[SourceVersion "1"]
[SourceVersionDate "2018.10.10"]
[SourceQuality "1"]

1. e4 g6 2. d4 Bg7 3. Nc3 d6 4. Be3 Nc6 5. Nf3 Bg4 6. Be2 e5 7. dxe5 Nxe5 8. Nxe5 Bxe2 9. Qxe2 Bxe5 10. Qb5+ Kf8 11. 0-0 Qc8 12. f4 Bg7 13. f5 Be5 14. Qc4 f6 15. Nb5 c5 16. Rad1 Qc6 17. Nxd6 Qc7 18. Qxc5 Qxc5 19. Bxc5 b6 20. Ba3 Ne7 21. Nc4 gxf5 22. Nxe5 fxe5 23. Rd7 1-0

[Event "Edmonton Fall Sectional C"]
[Site "Edmonton"]
[Date "2011.10.30"]
[Round "4"]
[White "Sequillion, Aaron"]
[Black "Yao, David"]
[Result "1-0"]
[WhiteElo "2054"]
[BlackElo "1058"]
[PlyCount "43"]
[EventDate "2011.10.28"]
[EventType "tourn"]
[EventRounds "5"]
[EventCountry "CAN"]
[SourceTitle "EXT 2022"]
[Source "ChessBase"]
[SourceDate "2021.10.06"]
[SourceVersion "1"]
[SourceVersionDate "2021.10.06"]
[SourceQuality "1"]

1. e4 e5 2. Nf3 Nf6 3. Nxe5 Qe7 4. d4 d6 5. Nf3 Nxe4 6. Be2 g6 7. 0-0 Bg7 8. Re1 0-0 9. c4 Qd8 10. Bd3 Nf6 11. h3 Nc6 12. a3 Re8 13. Be3 d5 14. Nc3 Be6 15. Ng5 h6 16. Nxe6 fxe6 17. Bxg6 Re7 18. cxd5 exd5 19. b4 a6 20. Rc1 Ne8 21. Qb3 Qd6 22. Nxd5 1-0